| 000 | 00397nam a2200169Ia 4500 | ||
|---|---|---|---|
| 999 |
_c10354 _d10354 |
||
| 003 | OSt | ||
| 005 | 20220316133919.0 | ||
| 008 | 220308s9999 xx 000 0 und d | ||
| 020 | _a9783966800075 | ||
| 082 |
_a720.922 _bRAH |
||
| 100 | _a Rahul Mehrotra | ||
| 245 | 0 | _aWorking in Mumbai | |
| 260 | _b ArchiTangle GmbH (14 August 2020) | ||
| 365 | _cEUR | ||
| 365 | _d58 | ||
| 942 | _2ddc | ||